00674nam a2200193Ia 4500008004100000082001800041100002300059245003800082250000800120260002900128300000800157500002400165650001600189700003700205942000700242952010700249952010700356999001700463230524s9999 xx 000 0 und d a621.3822bPHI aCharles L.Phillips 0a"Signals, Systems and Transforms" a3RD aNEW DELHIbPearsonc2004 a765 aQuantity Number: 2 aElectronics a" John M.Parr , Eve A.Riskin,,," cBK 00104070aTATCLbTATCLcGENd2023-05-24l0o621.3822 PHIp6045r2023-05-24w2023-05-24yBKzPCBM4302 00104070aTATCLbTATCLcGENd2023-05-24l0o621.3822 PHIp6046r2023-05-24w2023-05-24yBKzPCBM4302 c23804d23804